000 00487nam a2200205Ia 4500
003 GCL
008 140319s9999 xx 000 0 eng d
040 _aGCL /
_cGCL
082 0 4 _aCC
_b299.31
_bH M
100 1 _aHART, GEORGE
245 1 0 _aMYTHES EGYPTIENS /
_cHART, GEORGE
260 _a[S.N] :
_bEDITIONS DU SEUIL ،
_c1993
300 _a153 P
650 0 4 _aMYTHS
650 0 4 _aEGYPT
650 0 4 _aANCIENT EGYPT
650 0 4 _aCULTURE
650 0 4 _aMYTHOLOGY
942 _2ddc
_cBK
999 _c25048
_d25048